Essentials of Management Science Applications to Decision Making

Uložené v:
Podrobná bibliografia
Hlavný autor: Anderson, David R.
Ďalší autori: Sweeney, Dennis J., Williams, Thomas A.
Médium: Kniha
Jazyk:English
Vydavateľské údaje: St. Paul West Pub. Co. 1978
Vydanie:1. ed.
Tagy: Pridať tag
Žiadne tagy, Buďte prvý, kto otaguje tento záznam!

MARC

LEADER 00000nam a2200000 4500
001 c032604
005 20221220101717.4
041 0 |a eng 
044 |a US 
245 1 0 |a Essentials of Management Science  |b Applications to Decision Making  |c David R. Anderson, Dennis J. Sweeney, Thomas A. Williams 
250 |a 1. ed. 
264 1 |a St. Paul  |b West Pub. Co.  |c 1978 
300 |a 602 s. 
100 1 |a Anderson, David R. 
700 1 |a Sweeney, Dennis J. 
700 1 |a Williams, Thomas A.